000 00555nmm a2200169Ia 4500
008 251105s9999||||xx |||||||||||||||||und||
020 _a9789587382426
041 _aspa
100 _aGonzález Lópz, Francisco
245 0 _aEl ascenso de Geras : Seguridad en la atención del anciano hospitalizado
264 _a[Bogotá, Colombia] :
_bUniversidad del Rosario,
_c2012
300 _a146 páginas
490 _aTextos de medicina y de ciencias humanas
650 _aMedicine
856 _uhttps://public.digitaliapublishing.com/a/17309
942 _cCF
999 _c95708
_d95708